Turning Wood Into Art (Record no. 881)
[ view plain ]
| 000 -CABECERA | |
|---|---|
| campo de control de longitud fija | 01211nam a2200265 a 4500 |
| 001 - NÚMERO DE CONTROL | |
| campo de control | BRCA_997 |
| 005 - FECHA Y HORA DE LA ÚLTIMA TRANSACCIÓN | |
| campo de control | 20190320203234.0 |
| 008 - DATOS DE LONGITUD FIJA--INFORMACIÓN GENERAL | |
| campo de control de longitud fija | 990720s2000 nyua---##b---#001-0#eng-# |
| 020 ## - NÚMERO INTERNACIONAL ESTÁNDAR DEL LIBRO | |
| Número Internacional Estándar del Libro | 0810944839 |
| 050 #4 - SIGNATURA TOPOGRÁFICA DE LA BIBLIOTECA DEL CONGRESO | |
| Número de clasificación | NK9612 |
| Número de documento/Ítem | .R36 2000 |
| 100 1# - ENTRADA PRINCIPAL--NOMBRE DE PERSONA | |
| Nombre de persona | Ramljak, Suzanne |
| 9 (RLIN) | 3290 |
| 245 10 - MENCIÓN DE TÍTULO | |
| Título | Turning Wood Into Art |
| Resto del título | the Jane and Arthur Mason collection |
| Mención de responsabilidad, etc. | essays by Suzanne Ramljak and Michael W. Monroe ; Mark Richard Leach curator and general editor. |
| 260 ## - PUBLICACIÓN, DISTRIBUCIÓN, ETC. | |
| Lugar de publicación, distribución, etc. | Nueva York |
| Nombre del editor, distribuidor, etc. | H. N. Abrams : Mint Museum of Craft + Design |
| Fecha de publicación, distribución, etc. | 2000 |
| 300 ## - DESCRIPCIÓN FÍSICA | |
| Extensión | 208 p. |
| Otras características físicas | il. (algunas a color) |
| Dimensiones | 29 cm. |
| 500 ## - NOTA GENERAL | |
| Nota general | Catálogo de la exposición realizada en el Museo Mint del Arte del Diseño (Charlotte), junio 2000 |
| 500 ## - NOTA GENERAL | |
| Nota general | Incluye índice alfabético y biografía de artistas |
| 504 ## - NOTA DE BIBLIOGRAFÍA, ETC. | |
| Nota de bibliografía, etc. | Bibliografía: p. 197-198 |
| 600 14 - PUNTO DE ACCESO ADICIONAL DE MATERIA--NOMBRE DE PERSONA | |
| Nombre de persona | Mason, Jane S. |
| Subdivisión de forma | Exposiciones |
| Subdivisión general | Colecciones de arte |
| 9 (RLIN) | 3291 |
| 600 14 - PUNTO DE ACCESO ADICIONAL DE MATERIA--NOMBRE DE PERSONA | |
| Nombre de persona | Mason, Arthur K. |
| Subdivisión de forma | Exposiciones |
| Subdivisión general | Colecciones de arte |
| 9 (RLIN) | 3292 |
| 650 14 - PUNTO DE ACCESO ADICIONAL DE MATERIA--TÉRMINO DE MATERIA | |
| Término de materia o nombre geográfico como elemento de entrada | Trabajos en madera |
| Subdivisión de forma | Exposiciones |
| Subdivisión general | Historia |
| Subdivisión cronológica | Siglo XX |
| Subdivisión geográfica | Estados Unidos |
| 9 (RLIN) | 3293 |
| 650 14 - PUNTO DE ACCESO ADICIONAL DE MATERIA--TÉRMINO DE MATERIA | |
| Término de materia o nombre geográfico como elemento de entrada | Torneado |
| Subdivisión de forma | Exposiciones |
| Subdivisión general | Historia |
| Subdivisión cronológica | Siglo XX |
| Subdivisión geográfica | Estados Unidos |
| 9 (RLIN) | 3294 |
| 700 1# - PUNTO DE ACCESO ADICIONAL--NOMBRE DE PERSONA | |
| Nombre de persona | Monroe, Michael W |
| 9 (RLIN) | 3295 |
| 700 1# - PUNTO DE ACCESO ADICIONAL--NOMBRE DE PERSONA | |
| Nombre de persona | Leach, Mark Richard |
| 9 (RLIN) | 3296 |
| 942 ## - ELEMENTOS DE PUNTO DE ACCESO ADICIONAL (KOHA) | |
| Fuente del sistema de clasificación o colocación | Library of Congress Classification |
| Tipo de ítem Koha | Libros |
| Estado de retiro | Estado de pérdida | Estado dañado | No para préstamo | Localización permanente | Ubicación/localización actual | Fecha de adquisición | Total de préstamos | Signatura topográfica completa | Código de barras | Fecha visto por última vez | Precio válido a partir de | Tipo de ítem Koha |
|---|---|---|---|---|---|---|---|---|---|---|---|---|
| El ejemplar forma parte de la colección y puede ser consultado según las políticas vigentes. | Biblioteca del Museo Franz Mayer (Rogerio Casas-Alatriste) | Biblioteca del Museo Franz Mayer (Rogerio Casas-Alatriste) | 26/06/2008 | NK9612 .R36 2000 | 01490 | 22/03/2019 | 22/03/2019 | Libros |